[Event "Cambridge op 2nd"]
[Site "Cambridge"]
[Date "2024.02.19"]
[Round "1"]
[White "Weaving, Richard"]
[Black "Bharat Kumar, Balahari"]
[Result "1-0"]
[WhiteElo "2343"]
[BlackElo "2060"]
[PlyCount "49"]
[EventDate "2024.02.19"]
[EventType "swiss"]
[EventRounds "9"]
[EventCountry "ENG"]
[SourceTitle "CBM 218 Extra"]
[Source "ChessBase"]
[SourceDate "2024.03.31"]
[SourceVersion "1"]
[SourceVersionDate "2024.03.31"]
[SourceQuality "1"]

1. e4 c5 2. Nf3 d6 3. Bb5+ Nd7 4. c3 Ngf6 5. Qe2 a6 6. Ba4 b5 7. Bc2 Bb7 8. d4 e6 9. 0-0 Be7 10. Re1 Qc7 11. Bd3 h6 12. Nbd2 0-0 13. e5 Nd5 14. Qe4 N5f6 15. Qh4 Nd5 16. Qg3 Kh8 17. Ne4 dxe5 18. dxe5 c4 19. Bc2 Nc5 20. Qh3 f5 21. exf6 Bxf6 22. Bxh6 gxh6 23. Qxh6+ Kg8 24. Nxc5 Bc8 25. Ng5 1-0

[Event "BCF-chTb 1920 (4NCL)"]
[Site "Daventry"]
[Date "2020.02.09"]
[Round "6.58"]
[White "Weaving, Richard"]
[Black "Kolbus, Dietmar"]
[Result "1/2-1/2"]
[WhiteElo "2335"]
[BlackElo "2294"]
[PlyCount "138"]
[EventDate "2019.11.09"]
[EventType "team-tourn"]
[EventRounds "11"]
[EventCountry "ENG"]
[SourceTitle "CBM 194 Extra"]
[Source "ChessBase"]
[SourceDate "2020.03.31"]
[SourceVersion "1"]
[SourceVersionDate "2020.03.31"]
[SourceQuality "1"]
[WhiteTeam "Wood Green Monarchs"]
[BlackTeam "Chess.com Manx Liberty"]
[WhiteTeamCountry "ENG"]
[BlackTeamCountry "ENG"]

1. e4 c6 2. d4 d5 3. exd5 cxd5 4. c4 Nf6 5. Nc3 e6 6. Nf3 Be7 7. cxd5 exd5 8. Bd3 0-0 9. h3 Nc6 10. 0-0 Re8 11. Re1 h6 12. Bf4 a6 13. Rc1 Be6 14. Bb1 Bf8 15. Ne5 Rc8 16. Qd3 Nb4 17. Qf3 g5 18. Bh2 Bg7 19. Rcd1 Nc6 20. Nxc6 Rxc6 21. Qd3 Bc8 22. Be5 Kf8 23. Re3 Rce6 24. Rde1 Ng8 25. a3 Bxe5 26. Rxe5 f6 27. R5e3 Rxe3 28. fxe3 Re7 29. Rf1 Be6 30. Ba2 Kg7 31. Qe2 Qd6 32. Qf3 Rd7 33. Ne2 Rf7 34. Ng3 f5 35. Bb1 Ne7 36. h4 g4 37. Nh5+ Kf8 38. Qf4 Qxf4 39. Nxf4 Bd7 40. Rc1 Bc6 41. Ba2 Rf6 42. g3 Ke8 43. Rc5 Rd6 44. b4 b6 45. Rc3 Bb5 46. Bb3 Rc6 47. Rxc6 Bxc6 48. Nd3 Bb5 49. Ne5 Bd7 50. Kf2 Be6 51. Bc2 Bd7 52. Ke1 Be6 53. Bd3 Bc8 54. a4 Kf8 55. a5 b5 56. Be2 Ke8 57. Bf1 Ng8 58. Bg2 Nf6 59. Nd3 Ke7 60. Nf4 Kd6 61. Ng6 Be6 62. Ne5 Ne4 63. Bxe4 fxe4 64. h5 Kc7 65. Ng6 Kd6 66. Kf2 Bf7 67. Ne5 Bxh5 68. Ke1 Kc7 69. Kf2 Kd6 1/2-1/2

[Event "BCF-chT1b 1718 (4NCL)"]
[Site "England"]
[Date "2018.03.17"]
[Round "7.83"]
[White "Weaving, Richard"]
[Black "Bates, Richard"]
[Result "1/2-1/2"]
[WhiteElo "2314"]
[BlackElo "2397"]
[PlyCount "64"]
[EventDate "2017.11.11"]
[EventType "team-swiss"]
[EventRounds "11"]
[EventCountry "ENG"]
[SourceTitle "EXT 2019"]
[Source "ChessBase"]
[SourceDate "2018.10.10"]
[SourceVersion "1"]
[SourceVersionDate "2018.10.10"]
[SourceQuality "1"]
[WhiteTeam "Wood Green"]
[BlackTeam "Blackthorne Russia"]
[WhiteTeamCountry "ENG"]
[BlackTeamCountry "ENG"]

1. e4 c5 2. Nf3 d6 3. d4 cxd4 4. Nxd4 Nf6 5. Nc3 a6 6. Be3 e5 7. Nb3 Be6 8. f3 h5 9. Qd2 Nbd7 10. a4 Qc7 11. a5 Be7 12. Be2 0-0 13. 0-0 b5 14. Nd5 Nxd5 15. exd5 Bf5 16. Rac1 Nf6 17. Rfd1 Qb7 18. Na1 h4 19. c3 Rfe8 20. Nc2 Bd8 21. b4 Rc8 22. Na3 e4 23. f4 Ng4 24. Bxg4 Bxg4 25. Re1 h3 26. g3 Bf6 27. c4 Bf3 28. c5 Qd7 29. Nc2 Qg4 30. c6 Qh5 31. Rb1 Bg2 32. Rbc1 Bb2 1/2-1/2

[Event "BCF-chT1c 1617 (4NCL) Promotion pool"]
[Site "England"]
[Date "2017.04.29"]
[Round "9.15"]
[White "Weaving, Richard"]
[Black "Fodor, Tamas Jr"]
[Result "1-0"]
[WhiteElo "2252"]
[BlackElo "2493"]
[PlyCount "103"]
[EventDate "2016.11.19"]
[EventType "team-tourn"]
[EventRounds "4"]
[EventCountry "ENG"]
[SourceTitle "EXT 2018"]
[Source "ChessBase"]
[SourceDate "2017.10.13"]
[SourceVersion "1"]
[SourceVersionDate "2017.10.13"]
[SourceQuality "1"]
[WhiteTeam "Wood Green"]
[BlackTeam "Cheddleton"]
[WhiteTeamCountry "ENG"]
[BlackTeamCountry "ENG"]

1. e4 e5 2. Nf3 Nc6 3. Bb5 a6 4. Ba4 Nf6 5. Qe2 Be7 6. 0-0 b5 7. Bb3 d6 8. c3 Na5 9. Bc2 c5 10. d4 Qc7 11. d5 Nc4 12. a4 Rb8 13. axb5 axb5 14. Bd3 Na5 15. Bxb5+ Bd7 16. Na3 0-0 17. Nd2 g6 18. Bxd7 Nxd7 19. Nac4 Nxc4 20. Nxc4 f5 21. f3 f4 22. Bd2 Ra8 23. b4 Rfb8 24. Na5 cxb4 25. cxb4 Qa7+ 26. Kh1 Bd8 27. Nb3 Qb7 28. g3 fxg3 29. hxg3 Nf6 30. Kg2 Rc8 31. Qd3 h5 32. Rxa8 Rxa8 33. Na5 Qd7 34. Rc1 Ne8 35. Qc4 Qf7 36. Nc6 Bb6 37. Na5 Rb8 38. Nc6 Ra8 39. Na5 Rb8 40. Rc2 Nf6 41. Qe2 Qd7 42. Ra2 Ra8 43. Bc1 Kg7 44. Nc6 Rxa2 45. Qxa2 h4 46. Qa6 Bc7 47. Qa7 h3+ 48. Kh2 Ne8 49. Qe3 Kg8 50. Qg5 Qh7 51. Be3 Kf8 52. b5 1-0

[Event "London Classic CSC op 7th"]
[Site "London"]
[Date "2015.12.04"]
[Round "1"]
[White "Amato, Giampiero"]
[Black "Weaving, Richard"]
[Result "1/2-1/2"]
[WhiteElo "2005"]
[BlackElo "2240"]
[PlyCount "83"]
[EventDate "2015.12.04"]
[EventType "swiss"]
[EventRounds "5"]
[EventCountry "ENG"]
[SourceTitle "CBM 169 Extra"]
[Source "ChessBase"]
[SourceDate "2015.12.18"]
[SourceVersion "1"]
[SourceVersionDate "2015.12.18"]
[SourceQuality "1"]

1. e4 e5 2. Nf3 Nc6 3. Bb5 Nf6 4. 0-0 Bc5 5. c3 0-0 6. d4 Bb6 7. Bg5 h6 8. Bh4 d6 9. Bxc6 bxc6 10. dxe5 dxe5 11. Qxd8 Rxd8 12. Nxe5 g5 13. Bg3 Nxe4 14. Nxc6 Re8 15. Nd4 f5 16. f3 Nxg3 17. hxg3 Re2 18. Rf2 Re1+ 19. Rf1 Rxf1+ 20. Kxf1 Ba6+ 21. Kg1 Re8 22. Nd2 Bd3 23. b4 a5 24. a3 a4 25. Rd1 c5 26. bxc5 Bxc5 27. Nf1 Bc2 28. Rc1 Bb3 29. Nd2 Re2 30. N2xb3 axb3 31. Kh2 Rb2 32. a4 Kf7 33. a5 Bxd4 34. cxd4 Ke6 35. a6 Kd5 36. a7 Ra2 37. Rc3 Rxa7 38. Rxb3 Kxd4 39. Rb6 Rh7 40. Rb5 Rf7 41. Rb6 Rh7 42. Rb5 1/2-1/2

[Event "GBR-ch 102nd"]
[Site "Coventry"]
[Date "2015.08.05"]
[Round "9"]
[White "Weaving, Richard"]
[Black "Kalaiyalahan, Akshaya"]
[Result "0-1"]
[WhiteElo "2257"]
[BlackElo "1999"]
[PlyCount "74"]
[EventDate "2015.07.27"]
[EventType "swiss"]
[EventRounds "11"]
[EventCountry "ENG"]
[SourceTitle "CBM 167 Extra"]
[Source "ChessBase"]
[SourceDate "2015.09.14"]
[SourceVersion "1"]
[SourceVersionDate "2015.09.14"]
[SourceQuality "1"]

1. e4 c5 2. Nc3 Nc6 3. Nf3 g6 4. d4 cxd4 5. Nxd4 Bg7 6. Be3 Nf6 7. Bc4 Qa5 8. 0-0 0-0 9. Nb3 Qc7 10. Bg5 d6 11. Bxf6 Bxf6 12. Nd5 Qd8 13. Nxf6+ exf6 14. Qd2 Qe7 15. Rfe1 Be6 16. Bd5 Rac8 17. Rad1 Rfd8 18. f4 Qc7 19. c3 Ne7 20. Bxe6 fxe6 21. Re3 d5 22. e5 Nf5 23. Re2 Qb6+ 24. Kh1 d4 25. cxd4 Nxd4 26. Nxd4 Rxd4 27. Qe1 Rxf4 28. Red2 fxe5 29. Qxe5 Rcf8 30. h3 R4f5 31. Qc3 e5 32. Rd7 Rf1+ 33. Rxf1 Rxf1+ 34. Kh2 Qg1+ 35. Kg3 Qf2+ 36. Kh2 Qf4+ 37. Qg3 Rh1+ 0-1

[Event "BCF-chT2a 1314 (4NCL)"]
[Site "England"]
[Date "2014.03.22"]
[Round "7.15"]
[White "Rosen, Daniel B"]
[Black "Weaving, Richard"]
[Result "1/2-1/2"]
[WhiteElo "2083"]
[BlackElo "2243"]
[PlyCount "64"]
[EventDate "2013.11.16"]
[EventType "team-swiss"]
[EventRounds "11"]
[EventCountry "ENG"]
[SourceTitle "EXT 2015"]
[Source "ChessBase"]
[SourceDate "2014.11.20"]
[SourceVersion "1"]
[SourceVersionDate "2014.11.20"]
[SourceQuality "1"]
[WhiteTeam "Poisoned Pawns"]
[BlackTeam "Warwicks Select"]
[WhiteTeamCountry "ENG"]
[BlackTeamCountry "ENG"]

1. e4 e5 2. Nf3 Nc6 3. Bb5 Nf6 4. d3 Bc5 5. 0-0 d6 6. Be3 Bb6 7. Nbd2 0-0 8. Bxc6 bxc6 9. a4 Re8 10. Qe2 d5 11. a5 Bxe3 12. Qxe3 Qd6 13. Nb3 h6 14. Rfe1 d4 15. Qc1 Nh5 16. g3 Rb8 17. Nbd2 Qf6 18. c3 c5 19. cxd4 cxd4 20. Qxc7 Bh3 21. Rec1 Rbc8 22. Qxa7 Rxc1+ 23. Rxc1 Nf4 24. gxf4 Qg6+ 25. Ng5 hxg5 26. fxe5 Qh5 27. f3 g4 28. Qxd4 gxf3 29. Qf2 Qg5+ 30. Kh1 Bg2+ 31. Kg1 Bh3+ 32. Kh1 Bg2+ 1/2-1/2

[Event "BCF-chT2a 1314 (4NCL)"]
[Site "England"]
[Date "2014.01.12"]
[Round "4.11"]
[White "Weaving, Richard"]
[Black "Rudd, Jack"]
[Result "1-0"]
[WhiteElo "2243"]
[BlackElo "2206"]
[PlyCount "111"]
[EventDate "2013.11.16"]
[EventType "team-swiss"]
[EventRounds "11"]
[EventCountry "ENG"]
[SourceTitle "EXT 2015"]
[Source "ChessBase"]
[SourceDate "2014.11.20"]
[SourceVersion "1"]
[SourceVersionDate "2014.11.20"]
[SourceQuality "1"]
[WhiteTeam "Warwicks Select"]
[BlackTeam "Bristol"]
[WhiteTeamCountry "ENG"]
[BlackTeamCountry "ENG"]

1. e4 c5 2. Nc3 Nc6 3. Bb5 Nd4 4. Bc4 e6 5. Nge2 Nf6 6. 0-0 a6 7. d3 b5 8. Bb3 Nxb3 9. axb3 Bb7 10. Bg5 h6 11. Bh4 g5 12. Bg3 d6 13. f4 Nh5 14. f5 e5 15. Nd5 Bxd5 16. exd5 Nf6 17. Nc3 h5 18. Qf3 g4 19. Qe2 h4 20. Be1 h3 21. g3 Rg8 22. Bd2 Be7 23. Ne4 Nxd5 24. f6 Bf8 25. c4 Nc7 26. Ba5 bxc4 27. bxc4 Qd7 28. Bxc7 Qxc7 29. Nc3 Qb7 30. Nd5 Bh6 31. Qe4 Ra7 32. Rf2 Rg6 33. b4 cxb4 34. d4 Kf8 35. dxe5 dxe5 36. Qxe5 Rg5 37. Qd6+ Kg8 38. Ne7+ Kh7 39. Qd3+ Kh8 40. Qd8+ Kh7 41. Qe8 Qe4 42. Qxf7+ Kh8 43. Qe8+ Kh7 44. Rd1 Ra8 45. Qd7 Kh8 46. Nc8 Bf8 47. Qd8 Qh7 48. Qxf8+ Rg8 49. Rd8 b3 50. Qxg8+ Qxg8 51. Rxg8+ Kxg8 52. f7+ Kf8 53. Nb6 Rd8 54. Na4 Rd1+ 55. Rf1 Rd2 56. Nc5 1-0

[Event "GBR-ch 100th"]
[Site "Torquay"]
[Date "2013.08.08"]
[Round "10"]
[White "Kosten, Anthony C"]
[Black "Weaving, Richard"]
[Result "1/2-1/2"]
[WhiteElo "2458"]
[BlackElo "2196"]
[PlyCount "196"]
[EventDate "2013.07.29"]
[EventType "swiss"]
[EventRounds "11"]
[EventCountry "ENG"]
[SourceTitle "CBM 155 Extra"]
[Source "ChessBase"]
[SourceDate "2013.08.26"]
[SourceVersion "1"]
[SourceVersionDate "2013.08.26"]
[SourceQuality "1"]

1. e4 e5 2. Nf3 Nc6 3. Bb5 a6 4. Ba4 Nf6 5. 0-0 Be7 6. Re1 b5 7. Bb3 d6 8. c3 0-0 9. d4 Bg4 10. Be3 exd4 11. cxd4 Na5 12. Bc2 c5 13. Nbd2 cxd4 14. Bxd4 Nc6 15. Be3 d5 16. h3 Bh5 17. g4 Bg6 18. e5 Ne4 19. Nb3 f6 20. Nbd4 Nxd4 21. Nxd4 Qd7 22. e6 Qb7 23. Nf5 Rad8 24. Bd4 Rfe8 25. Bb3 Kh8 26. Nh4 Bb4 27. Nxg6+ hxg6 28. Re3 Rxe6 29. Qd3 Qc7 30. Qe2 Qf4 31. Rd1 Bd6 32. Qf3 Qh2+ 33. Kf1 Bf4 34. Red3 Rde8 35. Bxd5 R6e7 36. Qg2 Ng5 37. Qxh2 Bxh2 38. Be3 Ne6 39. Bc6 Rc8 40. Bf3 Be5 41. b3 Kg8 42. Rd7 Rc7 43. Rxe7 Rxe7 44. Bd5 Kf8 45. Rc1 Ke8 46. Rc6 Nc7 47. Be4 Kd7 48. Rc2 g5 49. Bc5 Re8 50. Rd2+ Kc8 51. Bg6 Rh8 52. Kg2 Kb7 53. Be4+ Kb8 54. Bf5 g6 55. Bxg6 Ne6 56. Be3 Nf4+ 57. Bxf4 Bxf4 58. Rd7 Rc8 59. Bf5 Rc7 60. Rd8+ Kb7 61. Be4+ Kb6 62. Rf8 Be5 63. f4 gxf4 64. h4 Rc3 65. h5 Rg3+ 66. Kf1 Bd4 67. Rd8 Be3 68. Ke2 Rh3 69. Rd6+ Kc5 70. Rd5+ Kb4 71. Bg2 f3+ 72. Bxf3 Bg5 73. Kf2 Bh4+ 74. Ke3 Bg5+ 75. Ke4 Rh2 76. Kf5 Rxa2 77. Rd3 Rh2 78. Bd5 a5 79. Be6 Re2 80. Bd7 Kc5 81. Kg6 Rh2 82. Rf3 Rh4 83. Kf5 Rh2 84. Rd3 Rh1 85. Be6 Rh2 86. Rd5+ Kc6 87. Kg6 Rh3 88. Rxg5 fxg5 89. h6 Kd6 90. Bg8 a4 91. bxa4 bxa4 92. Kxg5 Ke7 93. Kg6 Kf8 94. Bc4 a3 95. g5 Rg3 96. Bd5 Rg1 97. h7 Rxg5+ 98. Kxg5 Kg7 1/2-1/2

[Event "GBR-ch 100th"]
[Site "Torquay"]
[Date "2013.07.30"]
[Round "2"]
[White "Williams, Simon Kim"]
[Black "Weaving, Richard"]
[Result "1-0"]
[WhiteElo "2481"]
[BlackElo "2196"]
[PlyCount "51"]
[EventDate "2013.07.29"]
[EventType "swiss"]
[EventRounds "11"]
[EventCountry "ENG"]
[SourceTitle "CBM 155 Extra"]
[Source "ChessBase"]
[SourceDate "2013.08.26"]
[SourceVersion "1"]
[SourceVersionDate "2013.08.26"]
[SourceQuality "1"]

1. d4 Nf6 2. c4 e6 3. Nf3 d5 4. Nc3 dxc4 5. e4 Bb4 6. Bxc4 Nxe4 7. 0-0 Nxc3 8. bxc3 Be7 9. Ne5 0-0 10. Qg4 Nd7 11. Re1 Nf6 12. Qg3 Nd5 13. Bh6 Bf6 14. Re4 Ne7 15. Bf4 Nf5 16. Qd3 Nd6 17. Re3 Nxc4 18. Qxc4 c6 19. Qe2 c5 20. dxc5 Qd5 21. Ng4 Be7 22. Bd6 Bxd6 23. cxd6 Qxd6 24. Nf6+ Kh8 25. Rh3 h6 26. Qe3 1-0

[Event "Hinckley e2e4 op"]
[Site "Hinckley Island"]
[Date "2012.08.27"]
[Round "6"]
[White "Weaving, Richard"]
[Black "Arkell, Keith C"]
[Result "1-0"]
[WhiteElo "2149"]
[BlackElo "2451"]
[PlyCount "95"]
[EventDate "2012.08.24"]
[EventType "swiss"]
[EventRounds "7"]
[EventCountry "ENG"]
[SourceTitle "CBM 150 Extra"]
[Source "ChessBase"]
[SourceDate "2012.10.19"]
[SourceVersion "1"]
[SourceVersionDate "2012.10.19"]
[SourceQuality "1"]

1. e4 c6 2. d4 d5 3. exd5 cxd5 4. c4 Nf6 5. Nc3 e6 6. Nf3 Bb4 7. cxd5 Nxd5 8. Qc2 Nc6 9. Bd3 Nf6 10. 0-0 0-0 11. Bg5 h6 12. Be3 Be7 13. Qe2 b6 14. a3 Bb7 15. Rad1 Qd6 16. Bb1 Rfd8 17. Qd3 Bf8 18. Ne4 Nxe4 19. Qxe4 f5 20. Qh4 Qe7 21. Ba2 Rd6 22. Qxe7 Nxe7 23. Bf4 Rc6 24. Ne5 Rd6 25. Nd7 Rc6 26. Nb8 Rc2 27. Bxe6+ Kh8 28. Nd7 Bd5 29. Rfe1 Bxe6 30. Rxe6 Nd5 31. Be5 Kg8 32. Rg6 Re8 33. h4 Rxb2 34. Rc1 Kf7 35. h5 Re2 36. Nxf8 Kxf8 37. Bxg7+ Kf7 38. Bxh6 Re1+ 39. Rxe1 Rxe1+ 40. Kh2 Nf6 41. Rg7+ Ke6 42. Bg5 Ng4+ 43. Kg3 Rh1 44. f3 Nh2 45. h6 Nf1+ 46. Kf2 f4 47. Bxf4 Kf5 48. Be5 1-0